Biochemistry : (Record no. 6154)
[ view plain ]
| 000 -LEADER | |
|---|---|
| fixed length control field | 00763cam a2200241 a 4500 |
| 005 - DATE AND TIME OF LATEST TRANSACTION | |
| control field | 20260305192556.0 |
| 008 - FIXED-LENGTH DATA ELEMENTS--GENERAL INFORMATION | |
| fixed length control field | 110923s2011 njua b 001 0 eng c |
| 020 ## - INTERNATIONAL STANDARD BOOK NUMBER | |
| International Standard Book Number | 9781119770640 |
| 020 ## - INTERNATIONAL STANDARD BOOK NUMBER | |
| International Standard Book Number | 9781119770657 |
| Qualifying information | (ePub) |
| 020 ## - INTERNATIONAL STANDARD BOOK NUMBER | |
| International Standard Book Number | 9781119770664 |
| Qualifying information | (ePdf) |
| 040 ## - CATALOGING SOURCE | |
| Original cataloging agency | KABLIB |
| Transcribing agency | KABLIB |
| Description conventions | rda |
| 082 ## - DEWEY DECIMAL CLASSIFICATION NUMBER | |
| Edition number | 23 |
| Classification number | 572 |
| Item number | VOE |
| 100 1# - MAIN ENTRY--PERSONAL NAME | |
| Personal name | Voet, Donald. |
| 9 (RLIN) | 15627 |
| 245 10 - TITLE STATEMENT | |
| Title | Biochemistry : |
| Remainder of title | international adaptation / |
| Statement of responsibility, etc. | Donald Voet, Judith G. Voet. |
| 250 ## - EDITION STATEMENT | |
| Edition statement | 4th ed. |
| 260 ## - PUBLICATION, DISTRIBUTION, ETC. | |
| Place of publication, distribution, etc. | Hoboken, NJ : |
| Name of publisher, distributor, etc. | John Wiley & Sons, |
| Date of publication, distribution, etc. | c2021. |
| 300 ## - PHYSICAL DESCRIPTION | |
| Extent | xxiv, 1390, 58 p. : |
| Other physical details | ill. (some col.) ; |
| Dimensions | 29 cm. |
| 504 ## - BIBLIOGRAPHY, ETC. NOTE | |
| Bibliography, etc. note | Includes bibliographical references, index. |
| 650 #0 - SUBJECT ADDED ENTRY--TOPICAL TERM | |
| Topical term or geographic name entry element | Biochemistry. |
| 650 12 - SUBJECT ADDED ENTRY--TOPICAL TERM | |
| Topical term or geographic name entry element | Biochemistry. |
| 700 1# - ADDED ENTRY--PERSONAL NAME | |
| Personal name | Voet, Judith G. |
| 9 (RLIN) | 15628 |
| 942 ## - ADDED ENTRY ELEMENTS (KOHA) | |
| Source of classification or shelving scheme | Dewey Decimal Classification |
| Koha item type | Book |
| Withdrawn status | Lost status | Source of classification or shelving scheme | Damaged status | Not for loan | Home library | Current library | Shelving location | Date acquired | Source of acquisition | Total Checkouts | Full call number | Barcode | Date last seen | Price effective from | Koha item type |
|---|---|---|---|---|---|---|---|---|---|---|---|---|---|---|---|
| Dewey Decimal Classification | Education Library | Education Library | Open Access Section | 05.03.2026 | Purchased | 572 VOE | 14737 | 05.03.2026 | 05.03.2026 | Book | |||||
| Dewey Decimal Classification | Education Library | Education Library | Open Access Section | 05.03.2026 | Purchased | 572 VOE | 14738 | 05.03.2026 | 05.03.2026 | Book | |||||
| Dewey Decimal Classification | Education Library | Education Library | Open Access Section | 05.03.2026 | Purchased | 572 VOE | 14739 | 05.03.2026 | 05.03.2026 | Book |